| 000 | 00969nam a22002417a 4500 | ||
|---|---|---|---|
| 001 | 71463 | ||
| 003 | BD-RjUL | ||
| 005 | 20211209082121.0 | ||
| 008 | 170503s1977 ii ||||| |||| 00| 0 ben d | ||
| 020 | _c: TK 20.00 | ||
| 035 | _a(BD-RjUL) 71679 | ||
| 040 |
_aBD-RjUL _bben _cBD-RjUL _dBD-RjUL |
||
| 041 | _aben | ||
| 082 |
_223 _a891.44092 _bHOA 1977 |
||
| 100 | 1 |
_aহোসেন, মীর মশাররাফ _9135165 |
|
| 245 | 1 | 0 |
_aসতত স্বাগত / _cমীর মশাররাফ হোসেন ; দেবীপদ ভট্টাচার্য- সম্পদনা |
| 260 |
_aকলিকাতা : _bজেনারেল, _c১৯৭৭ [১৩৮৪] |
||
| 300 |
_a২৯৮ পৃ. ; _c২১ সেমি. |
||
| 650 |
_aBengali Writer _xBiography _9135166 |
||
| 650 |
_aবাংলা লেখক _xজীবনী _9135145 |
||
| 700 |
_aভট্টাচার্য, দেবীপদ _9211435 |
||
| 942 |
_2ddc _cBK |
||
| 999 |
_c71463 _d71463 |
||